Statistics for North Dakota City Quiz

Click here to take the quiz!

General Stats

  • This quiz has been taken 30 times
  • The average score is 7 of 10

Answer Stats

HintAnswer% Correct
CapitalBismarck
100%
Largest cityFargo
95%
Best known as the "Magic City"Minot
86%
West part of the largest cityWest Fargo
86%
City known for its dinosaurs in western ND (starts with D)Dickinson
68%
Home to the World's largest buffalo (starts with J)Jamestown
64%
Billed as the geographical center of North AmericaRugby
64%
Home to a research site for aerospace sciencesGrand Forks
50%
Part of the Bismarck area, slightly southeast (starts with L)Lincoln
50%
Visitor town in Theodore Roosevelt National ParkMedora
45%

Score Distribution

Percentile by Number Answered

Percent of People with Each Score

Your Score History

You have not taken this quiz